|
|
|
|
| LEADER |
02837nam a22005655i 4500 |
| 001 |
978-3-642-27260-8 |
| 003 |
DE-He213 |
| 005 |
20151126141815.0 |
| 007 |
cr nn 008mamaa |
| 008 |
111208s2011 gw | s |||| 0|eng d |
| 020 |
|
|
|a 9783642272608
|9 978-3-642-27260-8
|
| 024 |
7 |
|
|a 10.1007/978-3-642-27260-8
|2 doi
|
| 040 |
|
|
|d GrThAP
|
| 050 |
|
4 |
|a QA76.9.C66
|
| 072 |
|
7 |
|a UBJ
|2 bicssc
|
| 072 |
|
7 |
|a COM079000
|2 bisacsh
|
| 082 |
0 |
4 |
|a 004
|2 23
|
| 245 |
1 |
0 |
|a Building the e-World Ecosystem
|h [electronic resource] :
|b 11th IFIP WG 6.11 Conference on e-Business, e-Services, and e-Society, I3E 2011, Kaunas, Lithuania, October 12-14, 2011, Revised Selected Papers /
|c edited by Tomas Skersys, Rimantas Butleris, Lina Nemuraite, Reima Suomi.
|
| 264 |
|
1 |
|a Berlin, Heidelberg :
|b Springer Berlin Heidelberg,
|c 2011.
|
| 300 |
|
|
|a XII, 320 p.
|b online resource.
|
| 336 |
|
|
|a text
|b txt
|2 rdacontent
|
| 337 |
|
|
|a computer
|b c
|2 rdamedia
|
| 338 |
|
|
|a online resource
|b cr
|2 rdacarrier
|
| 347 |
|
|
|a text file
|b PDF
|2 rda
|
| 490 |
1 |
|
|a IFIP Advances in Information and Communication Technology,
|x 1868-4238 ;
|v 353
|
| 520 |
|
|
|a This book constitutes the thoroughly refereed post-conference proceedings of the 11th IFIP WG 6.11 Conference on e-Business, e-Services and e-Society, I3E 2011, held in Kaunas, Lithuania, in October 2011. The 25 revised papers presented were carefully reviewed and selected from numerous submissions. They are organized in the following topical sections: e-government and e-governance, e-services, digital goods and products, e-business process modeling and re-engineering, innovative e-business models and implementation, e-health and e-education, and innovative e-business models.
|
| 650 |
|
0 |
|a Computer science.
|
| 650 |
|
0 |
|a Computer communication systems.
|
| 650 |
|
0 |
|a Software engineering.
|
| 650 |
|
0 |
|a Information storage and retrieval.
|
| 650 |
|
0 |
|a Computers and civilization.
|
| 650 |
|
0 |
|a Management information systems.
|
| 650 |
1 |
4 |
|a Computer Science.
|
| 650 |
2 |
4 |
|a Computers and Society.
|
| 650 |
2 |
4 |
|a Computer Communication Networks.
|
| 650 |
2 |
4 |
|a Information Systems Applications (incl. Internet).
|
| 650 |
2 |
4 |
|a Management of Computing and Information Systems.
|
| 650 |
2 |
4 |
|a Information Storage and Retrieval.
|
| 650 |
2 |
4 |
|a Software Engineering.
|
| 700 |
1 |
|
|a Skersys, Tomas.
|e editor.
|
| 700 |
1 |
|
|a Butleris, Rimantas.
|e editor.
|
| 700 |
1 |
|
|a Nemuraite, Lina.
|e editor.
|
| 700 |
1 |
|
|a Suomi, Reima.
|e editor.
|
| 710 |
2 |
|
|a SpringerLink (Online service)
|
| 773 |
0 |
|
|t Springer eBooks
|
| 776 |
0 |
8 |
|i Printed edition:
|z 9783642272592
|
| 830 |
|
0 |
|a IFIP Advances in Information and Communication Technology,
|x 1868-4238 ;
|v 353
|
| 856 |
4 |
0 |
|u http://dx.doi.org/10.1007/978-3-642-27260-8
|z Full Text via HEAL-Link
|
| 912 |
|
|
|a ZDB-2-SCS
|
| 950 |
|
|
|a Computer Science (Springer-11645)
|